000 00663na a2200241 4500
001 16011
003 MIRAKIL
005 20181213154950.0
008 161001b tu 000 0
020 _a9786051250038
035 _a16011
040 _aMilas
_btur
_cTR-AnCHP
082 _a811.42
_bİ74d 2010
090 _a811.42 İ74d 2010
100 _aİşlek, Ejder
245 _aDemokrasi şehitleri
_cEjder İşlek
260 _aKahramanmaraş
_b[yayl. y.]
_c2010
_fCan ofset
300 _a96 s.
_bresim var.
_c19 sm.
500 _aYapıt yazarından imzalıdır.
650 _aTürkçe şiir
650 _aTürk edebiyatı
_xŞiirler
942 _2ddc
_cBKS
999 _c4011
_d4011